| 000 | 00473nam a2200157 i 4500 | ||
|---|---|---|---|
| 001 | 63597 | ||
| 003 | ES-MaACL | ||
| 005 | 20230906164924.0 | ||
| 007 | t| | ||
| 008 | 031212s1950 sp ||||1| spa d | ||
| 100 | 1 |
_aFerry Fernández, Isabel. _950612 |
|
| 245 | 1 | 0 |
_aAlmería espejo de mar y cielo _b: cantos de nostalgia / _cIsabel Ferry Fernández. |
| 260 |
_a[S.l. : _bs.n., _c1950] |
||
| 300 |
_a123 p. : _bretr. aut. ; _c17 cm. |
||
| 852 |
_aES-MaACL _jC-17091 _bR.45477 |
||
| 999 |
_c63597 _d63597 |
||